00496nam a2200181 a 4500001001300000003000900013005001700022008004100039020002300080082001300103100001500116245006800131260002500199300000900224500003500233650003100268700001500299nice12345678IN_TiNIC20260116014155.0120917s2006 dela grp 000 0 eng  a8172149255 c15000a266bDAS aDas, Somen aChurch and the Worldb Towards a Biblical-Ethical Understanding aDelhi bISPCK c2006 a224p aincludes index and biblioraphy aChurch and Social Problems1 aDas, Somen